| 000 | 01338nam a2200337 i 4500 | ||
|---|---|---|---|
| 003 | EG-GICUC | ||
| 005 | 20260329200111.0 | ||
| 008 | 260329s20062005ua ||||fr|||| 00| 0 ara d | ||
| 017 | _a2005/21679 | ||
| 020 | _a977-04-4813-3 | ||
| 040 |
_a EG-GICUC _bara _c EG-GICUC _d EG-GICUC _erda |
||
| 041 | 0 | _aara | |
| 082 | 0 | 4 |
_221 _a345.661 _bع ص . ج |
| 092 | 0 | 4 | _221 |
| 099 | _aLaw1 07 345.661 ع ص . ج 2006 | ||
| 100 | 0 |
_aعصمت عبد الله الشيخ _eمؤلف. |
|
| 245 | 1 | 0 |
_aجدوی نظام وقف تنفيذ القرارات الإدارية في تحقيق التوازن المطلوب بين الإدارة والأفراد / _cدكتور عصمت عبد الله الشيخ. |
| 264 | 1 |
_aالقاهرة : _bدار النهضة العربية، _c2006. |
|
| 300 |
_a197 ؛ صفحة _c24 سم. |
||
| 336 |
_2rda content _atext |
||
| 337 |
_2rda media _aComputer |
||
| 338 |
_2rda carrier _aOnline Resource |
||
| 504 | _a.181-192 ببليوجرافيا: صفحات | ||
| 504 | _aيشتمل على إرجاعات ببليوجرافية | ||
| 546 | _aالنص باللغة العربية | ||
| 650 | 1 | 4 | _aوقف تنفيذ القرارات الإدارية |
| 650 | 1 | 4 | _aالقانون الإداري |
| 856 | 4 | 0 | _uhttps://fll.law.cu.edu.eg/fulltext/bks/B07-02236.pdf |
| 905 | _a77 | ||
| 942 |
_2ddc _cBK _e21 _n0 |
||
| 999 |
_c67377 _d67377 |
||